| 000 | 01339cam a2200325 a 4500 | ||
|---|---|---|---|
| 001 | 3090936 | ||
| 003 | OSt | ||
| 005 | 20180116192414.0 | ||
| 008 | 981112s1999 nyua b 001 0 eng | ||
| 010 | _a 98051777 | ||
| 020 | _a0471348767 (acidfree paper) | ||
| 040 |
_aDLC _cDLC _dDLC |
||
| 050 | 0 | 0 |
_aNA2713 _b.L54 1999 |
| 082 | 0 | 0 |
_a720.284 _221 |
| 100 | 1 |
_aLiebing, Ralph W., _d1935- _96312 |
|
| 245 | 1 | 0 |
_aArchitectural working drawings / _cRalph W. Liebing. |
| 250 | _a4th ed. | ||
| 260 |
_aNew York : _bWiley, _cc1999. |
||
| 300 |
_axv, 684 p. : _bill. ; _c29 cm. |
||
| 504 | _aIncludes bibliographical references (p. 675-678) and index. | ||
| 650 | 0 |
_aArchitecture _xDesigns and plans _xWorking drawings. _96313 |
|
| 856 | 4 | 2 |
_3Contributor biographical information _uhttp://www.loc.gov/catdir/bios/wiley041/98051777.html |
| 856 | 4 | 2 |
_3Publisher description _uhttp://www.loc.gov/catdir/description/wiley032/98051777.html |
| 856 | 4 |
_3Table of Contents _uhttp://www.loc.gov/catdir/toc/onix03/98051777.html |
|
| 906 |
_a7 _bcbc _corignew _d1 _eocip _f19 _gy-gencatlg |
||
| 942 |
_2ddc _cBK |
||
| 999 |
_c353642 _d353642 |
||